Clubes argentinos con títulos internacionales - Estadísticas

Estadísticas generales
  • Esta prueba ha sido intentada 254 veces
  • La puntuación promedio es 11 de 12
Estadísticas de respuestas
Títulos internacionales Última vez Equipo % Correcto
18 Recopa Sudamericana 2008 Boca Juniors
100%
10 Recopa Sudamericana 2016 River Plate
100%
16 Copa Sudamericana 2010 Independiente
97%
3 Supercopa Sudamericana 1988 Racing Club
95%
3 Copa Libertadores 2014 San Lorenzo
95%
6 Copa Libertadores 2009 Estudiantes de La Plata
93%
5 Recopa Sudamericana 1997 Vélez Sarsfield
90%
2 Copa Sudamericana 2013 Lanús
87%
1 Copa Conmebol 1995 Rosario Central
85%
2 Copa Interamericana 1986 Argentinos Juniors
82%
2 Copa Suruga Bank 2008 Arsenal
80%
1 Copa Conmebol 1999 Talleres de Córdoba
76%
No se encontraron pruebas coincidentes
Distribución de puntuación
Porcentaje de gente con cada puntuación
Porcentaje por número respondido
Historial de tus puntuaciones
No has intentado esta prueba.